Score 0/15 Timer 02:00
7 Plays Today
% Correct
Persian
97.8%
Red Devils
96.9%
Carthorse
96.7%
Apples
96.2%
Genesis
95.9%
George Clooney
95.1%
Meryl Streep
93%
John A. Macdonald
92.6%
% Correct
K2
92.3%
Don Draper
90.3%
Billie Joe Armstrong
90.3%
Truman Capote
89.8%
Inertia
80.1%
Edsel
79.5%
SG-1000
60.9%
Remove Ads.
Support Sporcle.
Get the best of Sporcle when you Go Orange. This ad-free experience offers more features, more stats, and more fun while also helping to support Sporcle. Thank you for becoming a member.

You're not logged in!

Compare scores with friends on all Sporcle quizzes.
OR
Log In

Show Comments

Extras

Top Quizzes Today


Score Distribution

Your Account Isn't Verified!

In order to create a playlist on Sporcle, you need to verify the email address you used during registration. Go to your Sporcle Settings to finish the process.

Report this User

Report this user for behavior that violates our Community Guidelines.

Details: